Normal view MARC view
  • Saroyan, William,

Entry Personal Name

Number of records used in: 1

001 - CONTROL NUMBER

  • control field: 153726

003 - CONTROL NUMBER IDENTIFIER

  • control field: DLC

005 - DATE AND TIME OF LATEST TRANSACTION

  • control field: 20260416132940.0

008 - FIXED-LENGTH DATA ELEMENTS

  • fixed length control field: 790116n| azannaabn |b aaa

010 ## - LIBRARY OF CONGRESS CONTROL NUMBER

  • LC control number: n 78095781

024 7# - OTHER STANDARD IDENTIFIER

  • Standard number or code: 27071357
  • Source of number or code: viaf

024 7# - OTHER STANDARD IDENTIFIER

  • Standard number or code: 0000 0003 5589 9466
  • Source of number or code: isni

035 ## - SYSTEM CONTROL NUMBER

  • System control number: (OCoLC)oca00230846

040 ## - CATALOGING SOURCE

  • Original cataloging agency: DLC
  • Language of cataloging: eng
  • Description conventions: rda
  • Transcribing agency: DLC
  • Modifying agency: DLC
  • Modifying agency: OU
  • Modifying agency: DLC
  • Modifying agency: OCoLC
  • Modifying agency: DLC
  • Modifying agency: SG-SiILA
  • Modifying agency: OCoLC
  • Modifying agency: OrU
  • Modifying agency: DLC
  • Modifying agency: CLU
  • Modifying agency: IEN
  • Modifying agency: CU-HE
  • Modifying agency: UPB
  • Modifying agency: WU
  • Modifying agency: DLC
  • Modifying agency: CLU
  • Modifying agency: DLC
  • Modifying agency: OCoLC
  • Modifying agency: CLU

046 ## - SPECIAL CODED DATES

  • Birth date: 1908-08-31
  • Death date: 1981-05-18
  • Source of date scheme: edtf

053 #0 - LC CLASSIFICATION NUMBER

  • Classification number element--single number or beginning number of span: PS3537.A826

100 1# - HEADING--PERSONAL NAME

  • Personal name: Saroyan, William,
  • Dates associated with a name: 1908-1981

368 ## - OTHER ATTRIBUTES OF PERSON OR CORPORATE BODY

  • Other designation: Armenian Americans
  • Source: lcdgt

370 ## - ASSOCIATED PLACE

  • Place of birth: Fresno (Calif.)
  • Place of death: Fresno (Calif.)
  • Source of term: naf

374 ## - OCCUPATION

  • Occupation: Authors, Armenian
  • Source of term: lcdgt
  • Record control number: http://id.loc.gov/authorities/subjects/sh85009816

377 ## - ASSOCIATED LANGUAGE

  • Language code: eng

400 1# - SEE FROM TRACING--PERSONAL NAME

  • Personal name: Сароян, Вильям,
  • Dates associated with a name: 1908-1981

400 1# - SEE FROM TRACING--PERSONAL NAME

  • Personal name: Saroi︠a︡n, Vilʹi︠a︡m,
  • Dates associated with a name: 1908-1981

400 1# - SEE FROM TRACING--PERSONAL NAME

  • Personal name: Saroyean, Uiliěm,
  • Dates associated with a name: 1908-1981

400 1# - SEE FROM TRACING--PERSONAL NAME

  • Personal name: Saroyean, Uileěm,
  • Dates associated with a name: 1908-1981

400 1# - SEE FROM TRACING--PERSONAL NAME

  • Personal name: Saroyan, Vilyam,
  • Dates associated with a name: 1908-1981

400 1# - SEE FROM TRACING--PERSONAL NAME

  • Personal name: ساروىان، ولىم،
  • Dates associated with a name: 19081981

400 1# - SEE FROM TRACING--PERSONAL NAME

  • Personal name: Sārūyān, Wilyam,
  • Dates associated with a name: 1908-1981

400 1# - SEE FROM TRACING--PERSONAL NAME

  • Personal name: Saroyan, W.
  • Fuller form of name: (William),
  • Dates associated with a name: 1908-1981

400 1# - SEE FROM TRACING--PERSONAL NAME

  • Personal name: Sārāyān, Vīliyām,
  • Dates associated with a name: 1908-1981

400 1# - SEE FROM TRACING--PERSONAL NAME

  • Personal name: Carōyan̲, Villiyam,
  • Dates associated with a name: 1908-1981

400 1# - SEE FROM TRACING--PERSONAL NAME

  • Personal name: סרוין, וילים,
  • Dates associated with a name: 1908-1981

400 1# - SEE FROM TRACING--PERSONAL NAME

  • Personal name: Saroi︠a︡n, Uilʹi︠a︡m,
  • Dates associated with a name: 1908-1981

400 1# - SEE FROM TRACING--PERSONAL NAME

  • Personal name: Сароян, Уильям,
  • Dates associated with a name: 1908-1981

400 1# - SEE FROM TRACING--PERSONAL NAME

  • Personal name: ساروىان، وىلىام،
  • Dates associated with a name: 1908-1981

400 1# - SEE FROM TRACING--PERSONAL NAME

  • Personal name: Sārūyān, Vīliyām,
  • Dates associated with a name: 1908-1981

400 1# - SEE FROM TRACING--PERSONAL NAME

  • Personal name: Sārūyān, Vīlyām,
  • Dates associated with a name: 1908-1981

400 1# - SEE FROM TRACING--PERSONAL NAME

  • Personal name: سارويان، ويليام

400 1# - SEE FROM TRACING--PERSONAL NAME

  • Personal name: Saroyan, Uilyam,
  • Dates associated with a name: 1908-1981

400 1# - SEE FROM TRACING--PERSONAL NAME

  • Personal name: Saroyan, Villiam,
  • Dates associated with a name: 1908-1981

670 ## - SOURCE DATA FOUND

  • Source citation: His The daring young man on the flying trapeze ... 1934.

670 ## - SOURCE DATA FOUND

  • Source citation: Saroyan, A. William Saroyan, 1983:
  • Information found: CIP t.p. (William Saroyan) galley (d. 1981)

670 ## - SOURCE DATA FOUND

  • Source citation: Handipumner Uileěm Saroyeani het, 1978:
  • Information found: t.p. (Uileěm Saroyeani)

670 ## - SOURCE DATA FOUND

  • Source citation: Davtʻyan, V. Bari hskan, 1979:
  • Information found: t.p. (Vilyam Saroyani)

670 ## - SOURCE DATA FOUND

  • Source citation: His Ayyām ḥayātik, 1958:
  • Information found: t.p. (Wilyam Sārūyān)

670 ## - SOURCE DATA FOUND

  • Source citation: Sadoyan, E. Hello out there, 1995?:
  • Information found: t.p. (W. Saroyan) caption (William Saroyan)

670 ## - SOURCE DATA FOUND

  • Source citation: Wikipedia WWW site, Feb. 22, 2006
  • Information found: (William Saroyan; b. Aug. 31, 1908, Fresno, Calif.; d. there, May 18, 1981; Armenian American author)

670 ## - SOURCE DATA FOUND

  • Source citation: Kumidī-i insānī, yā, Payk-i marg va zindagī, 1954:
  • Information found: t.p. (Vīliyām Sārāyān) facing t.p. (William Saroyan)

670 ## - SOURCE DATA FOUND

  • Source citation: En̲ peyar Āram, 2005:
  • Information found: t.p. (Villiyam Carōyan̲)

670 ## - SOURCE DATA FOUND

  • Source citation: O chem govorit pisatelʹ, 2008:
  • Information found: t.p. (Uilʹi︠a︡m Saroi︠a︡n = Уильям Сароян)

670 ## - SOURCE DATA FOUND

  • Source citation: ha-Ḳomedyah ha-enoshit, 1945 or 1946:
  • Information found: t.p. (וילים סרוין = Ṿilyam Saroyan [voc.])

670 ## - SOURCE DATA FOUND

  • Source citation: Wikipedia, 25 May 2016
  • Information found: (William Saroyan; born August 31, 1908 in Fresno, California; died May 18, 1981 in Fresno, California; Armenian American dramatist and autor)

670 ## - SOURCE DATA FOUND

  • Source citation: Mādar dūstat dāram, 1966:
  • Information found: t.p. (ويليام سارويان = Vīliyām Sārūyān) t.p. verso (William Saroyan [in rom.])

670 ## - SOURCE DATA FOUND

  • Source citation: Hayrik, du khentʻ es, 2018:
  • Information found: title page (Uilyam Saroyan)

670 ## - SOURCE DATA FOUND

  • Source citation: The Armenian Mouse, 2000:
  • Information found: page 1 of cover (Villiam Saroyan)
Devinim Yazılım Eğitim Danışmanlık tarafından Koha'nın orjinal sürümü uyarlanarak geliştirilip kurulmuştur.